00976cam a22002651 4500001001300000003000400013005001700017008004100034010001700075035002000092040002300112042001200135050001700147100004300164245011400207250002400321260007100345300004800416500001400464504003100478505009400509650004500603700004500648999001700693sa 67003716 DLC20260227112340.0881102m19591999ii b 000 0 hino  asa 67003716  a(OCoLC)23541636 aDLCcMiUdNRUdDLC apremarc00aPK2031b.V281 aVarmā, Dhīrendra,d1897-1973.eed.10aHindī sāhitya.cSampd̄aka Dhīrendra Varmā (pradhāna) [tathā] Vrjeśvara Varmā (sahakārī). a[1. saṃskaraṇa] aPrayāga,bBhāratīya Hindī Parishadc[1959- ;bv.c1, 1962] av.billus., geneal. tables, plates.c25 cm. aIn Hindi. aBibliographical footnotes.1 a1. Bhūmikā. -- 2. Prāraṃbha se san 1850 Ē. taka. -- 3. San 1850 Ē. ke bāda. 0aHindi literaturexHistory and criticism.1 aVarmā, Vrajeśvara,d1913-ejoint ed. c74008d74008